From British to Bumiputera rule : Local politics and rural development in Peninsular Malaysia

Bibliographic Details
Main Author: SHAMSUL Amri Baharuddin 1951-
Other Authors: MAHATHIR bin Mohamad 1925-
Format: Book
Published: Singapore : Institute of Southeast Asian Studies , 1990 [1986]
Subjects:

MARC

LEADER 00000cam a2200000 7i4500
001 0000001139
005 20011210.0
020 0 0 |a 9971988224 
090 0 0 |a 320.9595115   |b SHA 1990 
100 0 0 |a SHAMSUL Amri Baharuddin   |c 1951- 
245 1 0 |a From British to Bumiputera rule :   |b Local politics and rural development in Peninsular Malaysia   |c Shamsul A. B. 
260 0 0 |a Singapore :   |b Institute of Southeast Asian Studies ,   |c 1990 [1986] 
300 |a 282 p. :   |b ill., maps ;   |c 22 cm. 
500 0 0 |a Bibliography : [p. 256-276] and index 
650 0 0 |a Anthropology   |z Malaysia 
650 0 0 |a Malays   |z Malaysia   |z Selangor   |x Political activity 
650 0 0 |a Rural development   |z Malaysia   |z Selangor   |x Political aspects 
651 0 0 |a Malaysia   |x Economic policy 
651 0 0 |a Selangor   |x Rural conditions 
700 0 1 |a MAHATHIR bin Mohamad   |f Dato' Seri ,   |c 1925- 
998 |a JPSM 
999 |a 0000002129   |b Monograph   |c Open Shelf   |e Default branch 
999 |a 0000004372   |b Monograph   |c Open Shelf   |e Default branch